Dead Space trivia - Statistics

General Stats
  • This quiz has been taken 8 times
  • The average score is 5 of 10
Answer Stats
Question Answer % Correct
What is Isaac Clarke's job? Engineer
100%
What special kind of necromorph can grow back limbs? Hunter
80%
What religion Worships Altman and looks forward to the convergence event? Unitology
80%
What phase does the hallucination of Nicole often repeat? "Make us whole"
60%
In Dead Space, what Alien monoliths cause hallucinations? Markers
60%
Besides Dead Space, name another game Isaac Clarke is in. Fortnite - Ect
40%
Who is Isaac's soldier friend in Dead Space 3? John Carver
40%
What special foam weapon goes "bang bang bang" The hand cannon
20%
What famous nursery rhyme is in a Dead Space trailer? Twinkle twinkle little star
0%
In what space ship does the original game take place? USG Ishumura
0%
No matching quizzes found
Score Distribution
Percent of People with Each Score
Percentile by Number Answered
Your Score History
You have not taken this quiz